Saline water authorization, fiscal year 1974 : hearing before the Subcommittee on Water and Power Resources of the Committee on Interior and Insular Affairs, House of Representatives, Ninety-third Congress, first session, on H.R. 5464 ... March 20, 1973.

Bibliographic Details
Corporate Authors: United States. Congress. House. Committee on Interior and Insular Affairs. Subcommittee on Water and Power Resources, ProQuest (Firm)
Format: Government Document eBook
Language:English
Published: Washington : U.S. Govt. Print. Off, 1973.
Series:U.S. Congressional Hearings.
Subjects:
Online Access:Connect to the full text of this electronic book

MARC

Tag First Indicator Second Indicator Subfields
LEADER 00000cam a22000001a 4500
001 in00003201675
006 m d f
007 cr bn mmmapmmp
008 090922s1973 dcu o f000 0 eng d
005 20260604202225.9
035 |a cis2007437706 
040 |a UMI  |c UMI  |d UtOrBLW 
043 |a n-us--- 
086 0 |a Y 4.In 8/14:93-7 
099 |a HRG-1973-IIA-0118 
110 1 |a United States.  |b Congress.  |b House.  |b Committee on Interior and Insular Affairs.  |b Subcommittee on Water and Power Resources. 
245 1 0 |a Saline water authorization, fiscal year 1974 :  |b hearing before the Subcommittee on Water and Power Resources of the Committee on Interior and Insular Affairs, House of Representatives, Ninety-third Congress, first session, on H.R. 5464 ... March 20, 1973. 
264 1 |a Washington :  |b U.S. Govt. Print. Off,  |c 1973. 
300 |a 1 online resource. 
336 |a text  |b txt  |2 rdacontent 
337 |a computer  |b c  |2 rdamedia 
338 |a online resource  |b cr  |2 rdacarrier 
500 |a Record is based on bibliographic data in ProQuest Congressional Hearings Digital Collection. Reuse except for individual research requires license from ProQuest, LLC. 
538 |a System requirements: PDF reader software. 
500 |a Electronic resource. 
650 0 |a Saline water conversion  |x Law and legislation  |z United States. 
655 7 |a Electronic books.  |2 local 
710 2 |a ProQuest (Firm) 
776 0 8 |i Print version:  |a United States. Congress. House. Committee on Interior and Insular Affairs. Subcommittee on Water and Power Resources.  |t Saline water authorization, fiscal year 1974  |w (DLC)73601747 
776 0 8 |i Microfiche version:  |a United States. Congress. House. Committee on Interior and Insular Affairs. Subcommittee on Water and Power Resources.  |t Saline water authorization, fiscal year 1974.  |d [Bethesda, Md.] : ProQuest,[2004]  |o CIS 73 H441-12  |w (ProQuest)cis07300402 
830 0 |a U.S. Congressional Hearings. 
856 4 0 |u http://proxy.library.tamu.edu/login?url=https://congressional.proquest.com/congcomp/getdoc?HEARING-ID=HRG-1973-IIA-0118  |z Connect to the full text of this electronic book  |t 0 
998 |a cis07300402 
999 |a MARS 
999 f f |s 41590931-a96d-39f2-b2f4-a5985228f533  |i c2e8dfeb-f1c8-3d3a-8f27-5784760a6c35  |t 0 
952 f f |a Texas A&M University  |b College Station  |c Electronic Resources  |s www_evans  |d Available Online  |t 0  |e HRG-1973-IIA-0118  |h Other scheme 
998 f f |a HRG-1973-IIA-0118  |t 0  |l Available Online